00785nam a2200181 a 4500008004100000020001800041050001800059100002000077245019400097260006700291300000900358490006400367500002000431650004500451650002900496700002000525710005800545120809s2011 ||||||||||||||||| || u a9781868087242 aACCD(08)WP/7A aCharman, Andrew10aConflict and cohesion in the informal economy: A reassessment of the mobilisation of xenophobic violence in the case of spaza shops in Delft, Cape TowncBy Andrew charman and Laurence Piper aBellvillebAfrican Centre for Citizenship and Democracy c2011 a33p. aAfrican Centre for Citizenship and Democracy Working Papers aWorking paper 7 aSTORES, RETAIL--SOUTH AFRICA--MANAGEMENT aXENOPHOBIA--SOUTH AFRICA aPiper, Laurence aAfrican Centre for Citizenship and Democracy (ACCEDE)